00554nam a2200169 i 450000100060000000300090000600500170001500700030003200800410003510000170007624501430009326000380023630000220027470000310029670000240032785200330035134283ES-MaACL20250829074602.0t|030204s1978 sp ||||1| spa d1 aBloch, Marc.13aLa historia rural francesa b: caracteres originales / cMarc Bloch ; advertencias de Lucien Febvre ; [traducción de Alejandro Pérez]. aBarcelona : bCrítica, c[1978] a551 p. ; c20 cm.1 aFebvre, Lucien,d1878-19561 aPérez, Alejandro. aES-MaACLjC-39179 bR.100808